| 000 | 00649nam a22002297a 4500 | ||
|---|---|---|---|
| 999 |
_c195712 _d195712 |
||
| 003 | OSt | ||
| 020 | _a9789386652225 | ||
| 082 |
_a620.5 _bNAR/CO |
||
| 100 | _aNarendra Kumar | ||
| 245 | _aConcise concepts of nanoscience and nanomaterials | ||
| 260 |
_aJodhpur _bScientific Publishers India _c2018 |
||
| 300 | _axiv, 342p. | ||
| 500 | _aNanoscience and nanomaterials | ||
| 546 | _aEnglish | ||
| 650 | _aNanoscience in nature | ||
| 650 | _aInorganic nanomaterials | ||
| 650 | _aSynthesis of nanomaterials | ||
| 650 | _aImpact of nanoscience on technology | ||
| 650 | _aClays and polymers | ||
| 700 | _aSunita Kumbhat | ||
| 942 |
_2ddc _cBK |
||